Catálogo

Los años vacíos / (Registro nro. 63582)

Detalles MARC
000 -LEADER
fixed length control field 00573nam a2200193 u 4500
001 - CONTROL NUMBER
control field 63582
005 - DATE AND TIME OF LATEST TRANSACTION
control field 20180714070058.0
008 - FIXED-LENGTH DATA ELEMENTS--GENERAL INFORMATION
fixed length control field 150924s2002 mx r 000 0 spa d
020 ## - INTERNATIONAL STANDARD BOOK NUMBER
International Standard Book Number 968-23-
082 ## - DEWEY DECIMAL CLASSIFICATION NUMBER
Classification number 863.4
Item number RAM
100 1# - MAIN ENTRY--PERSONAL NAME
Personal name Ramos Izquierdo, Eduardo
Relator term autor
245 14 - TITLE STATEMENT
Title Los años vacíos /
Statement of responsibility, etc. por Eduardo Ramos-Izquierdo.
250 ## - EDITION STATEMENT
Edition statement Primera edición
264 ## - PRODUCTION, PUBLICATION, DISTRIBUTION, MANUFACTURE, AND COPYRIGHT NOTICE
Place of production, publication, distribution, manufacture México :
Name of producer, publisher, distributor, manufacturer Siglo Veintiuno
Date of production, publication, distribution, manufacture, or copyright notice 2002
300 ## - PHYSICAL DESCRIPTION
Extent 196 páginas ;
Dimensions 21 cm.
336 ## - CONTENT TYPE
Content type term texto
Source rdacontent
337 ## - MEDIA TYPE
Media type term sin mediación
Source rdamedia
338 ## - CARRIER TYPE
Carrier type term volumen
Source rdacarrier
Existencias
Withdrawn status Lost status Source of classification or shelving scheme Damaged status Not for loan Collection code Home library Current library Shelving location Date acquired Source of acquisition Total Checkouts Full call number Barcode Date last seen Price effective from Koha item type Total Renewals Date last checked out
    Dewey Decimal Classification     General Tehuacán Tehuacán Sala general 24/09/2015 Compra   863.4 RAM 2002 509963 08/01/2025 24/09/2015 Libro    
    Dewey Decimal Classification     General Tehuacán Tehuacán Sala general 24/09/2015 Compra 1 863.4 RAM 2002 509964 08/01/2025 24/09/2015 Libro 1 16/03/2024